Civilization 5: Common Units - Statistics

General Stats
  • This quiz has been taken 173 times
    171 since last reset
  • The average score is 52 of 78
Answer Stats
% Correct
Civilian units Worker
98%
Ranged unit Archer
93%
Bomber unit Bomber
88%
Civilian units Settler
88%
Melee/Gunpowder unit Warrior
88%
Ranged unit Crossbowman
87%
Great people Great Scientist
87%
Trade units Caravan
86%
Great people Great Artist
86%
Great people Great General
86%
Great people Great Prophet
85%
Melee/Gunpowder unit Infantry
85%
Mounted/armored unit Knight
85%
Religious units Missionary
85%
Siege unit Catapult
84%
Fighter unit Fighter
84%
Great people Great Engineer
84%
Melee/Gunpowder unit Swordsman
84%
Siege unit Cannon
83%
Mounted/armored unit Horseman
83%
Frontline unit Spearman
83%
Great people Great Musician
82%
Frontline unit Pikeman
82%
Siege unit Artillery
81%
Great people Great Writer
81%
Siege unit Trebuchet
81%
Great people Great Merchant
80%
Mounted/armored unit Tank
79%
Melee/Gunpowder unit Rifleman
78%
Melee/Gunpowder unit Musketman
77%
Specialized naval unit Submarine
76%
Naval melee unit Trireme
74%
Naval melee unit Destroyer
73%
Great people Great Admiral
72%
Naval melee unit Caravel
71%
Naval ranged unit Battleship
70%
Religious units Inquisitor
70%
Frontline unit Lancer
69%
Mounted/armored unit Cavalry
68%
Naval ranged unit Frigate
68%
Melee/Gunpowder unit Great War Infantry
68%
Melee/Gunpowder unit Longswordsman
67%
Naval melee unit Ironclad
66%
Ranged unit Machine Gun
66%
Melee/Gunpowder unit Scout
66%
Bomb unit Atomic Bomb
64%
Trade units Cargo Ship
64%
Bomber unit Stealth Bomber
64%
Ranged unit Gatling Gun
61%
Bomber unit Great War Bomber
61%
Melee/Gunpowder unit Mechanized Infantry
61%
Specialized naval unit Nuclear Submarine
61%
Ranged unit Composite Bowman
60%
Fighter unit Jet Fighter
59%
Naval melee unit Privateer
59%
Tactical unit Paratrooper
56%
Mounted/armored unit Giant Death Robot
55%
Anti-aircraft unit Anti-aircraft Gun
54%
Mounted/armored unit Chariot Archer
54%
Specialized naval unit Carrier
53%
Tactical unit Marine
53%
Fighter unit Triplane
51%
Siege unit Rocket Artillery
50%
Ranged unit Bazooka
49%
Bomb unit Nuclear Missile
48%
Mounted/armored unit Landship
47%
Mounted/armored unit Modern Armor
47%
Frontline unit Anti-tank Gun
45%
Tactical unit XCOM Squad
45%
Naval ranged unit Galleass
44%
Anti-aircraft unit Mobile SAM
44%
Frontline unit Helicopter Gunship
43%
Civilian units Work Boat
43%
Civilian units Archeologist
34%
Specialized naval unit Missile Cruiser
31%
Bomb unit Guided Missile
28%
Frontline unit Landsknecht
14%
Melee/Gunpowder unit Foreign Legion
12%
No matching quizzes found
Score Distribution
Percent of People with Each Score
Percentile by Number Answered
Your Score History
You have not taken this quiz since the last reset